000 00569nam a2200241 a 4500
001 nice12345678
003 IN_TiNIC
005 20260116011319.0
008 050524s1909 mada grp 000 0 eng
020 _a
_c100
082 0 0 _a239
_bSEL3
100 _aSell, Canon
245 _aRecensions of the Quran
260 _aMadras
_bChristian Literature Society
_c1909
300 _a24p
500 _aincludes index and biblioraphy
505 2 _aArabic-Urdu
650 _aApologetics
700 1 _aSell, Canon
902 _bSRS
942 _cBK
999 _c425
_d425